<?xml version="1.0" encoding="UTF-8"?>
<marc:record xmlns:marc="http://www.loc.gov/MARC21/slim">
   <marc:leader>00000nam a2200000 a 4500</marc:leader>
   <marc:datafield ind1="1" ind2=" " tag="100">
      <marc:subfield code="a">Rees, Douglas</marc:subfield>
      <marc:subfield code="4">aut</marc:subfield>
      <marc:subfield code="e">Verfasser/-in</marc:subfield>
   </marc:datafield>
   <marc:datafield ind1="0" ind2="0" tag="245">
      <marc:subfield code="a">Highschool der Vampir</marc:subfield>
   </marc:datafield>
   <marc:datafield ind1="0" ind2="0" tag="245">
      <marc:subfield code="c">Douglas Rees</marc:subfield>
   </marc:datafield>
   <marc:datafield ind1=" " ind2="1" tag="264">
      <marc:subfield code="a">Müchen [u.a.]</marc:subfield>
      <marc:subfield code="b">Ueberreuter Verl.</marc:subfield>
      <marc:subfield code="c">2005</marc:subfield>
   </marc:datafield>
   <marc:datafield ind1="1" ind2=" " tag="520">
      <marc:subfield code="a">New Sodom: Cody, genialer Schulverweigerer, wird von seinem Vater an eine neue Schule strafversetzt - die Vampire High ist altehrwürdig, elitär und ziemlich unheimlich. Codys Mitschüler sind superklug, superstark und tragen sogar im Winter Sonnenbrillen. Sie sind Vampire. Als Cody sich in eine echte Vampirprinzessin verliebt, kommt diese etwas andere Highschool-Komödie richtig in Fahrt. Und schließlich tritt sogar Dracula höchstpersönlich auf den Plan.</marc:subfield>
   </marc:datafield>
   <marc:datafield ind1=" " ind2=" " tag="020">
      <marc:subfield code="a">3800051516</marc:subfield>
      <marc:subfield code="9">3800051516</marc:subfield>
   </marc:datafield>
   <marc:datafield ind1=" " ind2=" " tag="500">
      <marc:subfield code="a">Aus dem Amerik. übers.</marc:subfield>
   </marc:datafield>
   <marc:datafield ind1=" " ind2=" " tag="300">
      <marc:subfield code="a">250 S.</marc:subfield>
   </marc:datafield>
</marc:record>
